[Event "Belgrade Trophy 27th"]
[Site "Obrenovac"]
[Date "2013.12.02"]
[Round "9"]
[White "Pantelic, Sasa"]
[Black "Atalik, Suat"]
[Result "0-1"]
[WhiteElo "2313"]
[BlackElo "2572"]
[Annotator "Atalik,S"]
[PlyCount "110"]
[EventDate "2013.11.24"]
[EventType "swiss"]
[EventRounds "9"]
[EventCountry "SRB"]
[SourceTitle "CBM 158"]
[Source "ChessBase"]
[SourceDate "2014.01.16"]
[SourceVersion "1"]
[SourceVersionDate "2014.01.16"]
[SourceQuality "1"]

1. d4 d5 2. c4 e6 3. Nc3 c6 ({There are some differences between the game
continuation and this line:} 3... Be7 4. cxd5 exd5 5. Bf4 c6 6. e3 Bf5 7. g4 $1
) 4. cxd5 $6 {Before the game, in my preparation time I noticed that my
opponent likes this dubious capture.} exd5 5. Bf4 Bf5 6. e3 Nd7 (6... Qb6 7.
Qd2 Nf6 8. Nge2 $13) 7. Bd3 (7. g4 {Botvinnik still played this.} Bg6 $1) (7.
Nf3 Ngf6) 7... Bxd3 8. Qxd3 Ngf6 9. Nf3 Be7 10. h3 $5 O-O 11. O-O Re8 {This is
an already known tabiya.} 12. a3 $6 (12. Rab1 a5 13. Qc2 Nb6 $13) 12... a5 (
12... Nb6 $5 13. Ne5 Bd6) 13. Ne5 Bf8 (13... Nxe5 14. Bxe5 Nd7) 14. Rac1 Re6 $5
$146 15. Bh2 $6 {A strange reaction.} Nxe5 16. dxe5 $1 (16. Bxe5 Nd7 17. Bf4
Nb6 $15) 16... Nd7 17. f4 f6 $6 {A very risky move.} (17... Nc5 18. Qe2 Re8 19.
f5 $140 $2 Nd7) 18. Rfd1 (18. exf6 $2 Rxe3 19. Qd2 Re8 (19... Bc5 20. Kh1 Nxf6
21. Bg1 (21. Nxd5 $2 Ne4) 21... Qe8 22. Qd1 Nh5 $40) 20. fxg7 Bc5+ 21. Kh1 Be3
22. Qc2 Bxc1 23. Qxc1 Qf6 $17) (18. e4 $142 $1 {This is obviously the move.}
Nc5 19. Qb1 $3 (19. Qe2 d4) 19... dxe4 (19... d4 $2 20. Na4 $1 Nxa4 21. Qa2 $16
) 20. Nxe4 Qd4+ 21. Nf2 fxe5 22. b4 axb4 23. Rfd1 Qe3 24. axb4 $13) 18... Nc5 (
18... fxe5 19. Nxd5 Nc5 (19... Rd6 20. e4 cxd5 21. fxe5 Qb6+ 22. Kh1 Rg6 23.
exd5 $5 $44) 20. Qc4 cxd5 21. Rxd5 Qf6 22. fxe5 Qg6 23. Rxc5 Bxc5 24. Qxc5 Rc6
25. Qd5+ Qf7 26. Qd2 $44) 19. Qf5 Qe8 $5 {I have sort of decided to proceed
slowly.} (19... fxe5 20. fxe5 (20. Ne4 $2 g6 21. Nxc5 gxf5 22. Nxe6 Qb6 23.
Nxf8 Rxf8 24. fxe5 f4 $1 $19) (20. Na4 $2 g6 21. Qg4 h5 $19) 20... g6 21. Qg4
Qe8 {is reminiscent of the game continuation.}) 20. Ne2 (20. b4 axb4 21. axb4
Nd7 (21... Nb3 $4 22. Rb1 Ra3 23. Qc2 $18) 22. e4 g6 (22... d4 23. Nd5 g6 24.
Qg4 cxd5 25. exd5 Rea6 26. e6 f5 27. Qh4 Bg7) 23. Qg4 dxe4 24. f5 Nxe5 25. Qxe4
gxf5 26. Qxf5 Ng6 27. b5 $15) 20... fxe5 21. fxe5 Ne4 22. Nd4 (22. Nc3 $142)
22... Re7 23. Bf4 $2 {A blunder!} (23. Qg4 g6 24. Nf5 Rxe5 $1 (24... Rf7 25.
Rf1 Kh8 26. Nd6 $13) 25. Bxe5 Qxe5 26. Nd4 Bh6 27. Rd3 Re8 28. Re1 a4 $44 {
with a very easy position to play.}) 23... g6 {Steady but I had another move
as well.} (23... g5 $142 $5 24. Bh2 Rf7 25. Qg4 h5 26. Qe6 (26. Qe2 Rf2) 26...
Qxe6 27. Nxe6 Re8 28. Nxf8 Kxf8 29. b4 axb4 30. axb4 h4 31. b5 Re6 32. bxc6
bxc6 $17 {with a positional crunch.}) 24. Qg4 Bg7 25. Nf3 a4 $17 {I had
already designed a long term plan focussed on b2.} 26. Rc2 Qf7 27. Rf1 Rf8 28.
Rcc1 Qe6 (28... Qe8 $5) 29. Qxe6+ Rxe6 30. h4 h6 31. Rc2 g5 $1 32. hxg5 hxg5
33. Nxg5 (33. Bxg5 $2 Nxg5 (33... Rxf3 $6 34. gxf3 Nxg5 35. f4 Ne4 $11) 34.
Nxg5 Rxe5 $19) 33... Nxg5 34. Bxg5 Rxe5 (34... Rxf1+ $2 35. Kxf1 Rxe5 36. Bf4
Re4 37. Ke2 Rc4 38. Kd3 $11) 35. Bf4 Re4 36. g3 Ra8 37. Kf2 Ra5 38. Bd6 Rc4 $5
({I was not so sure about} 38... Rb5 39. Bb4 Rexb4 40. axb4 Rxb4 41. Rb1 Kf7 (
41... Rb3 $6 42. Ra1) 42. Ke2 Ke6 43. Kd2 a3 44. b3 Rg4 45. Ra2 Bb2 46. Raxb2
axb2 47. Rxb2 Rxg3 48. Kd3 c5 $17 {with winning chances.}) 39. Rd2 $138 (39.
Rxc4 $2 dxc4 40. Rc1 Rd5 41. Bb4 b5 $19) (39. Rfc1 Re4 $1 $17) 39... d4 (39...
Rb5 40. Bb4 Rcxb4 41. axb4 Rxb4 42. Rb1 Kf7 $17 {was my original plan but
still I had doubts.}) 40. e4 Rb5 41. Ke2 Rb3 (41... d3+ 42. Kxd3 (42. Rxd3
Rxe4+ 43. Kf3 Rd4 $17) 42... Rd4+ 43. Ke2 Rxe4+ 44. Kf3 Rd4 $17) 42. Rf3 d3+ $1
43. Rfxd3 $2 {This loses at once.} (43. Ke3 b6 $3 (43... Bxb2 44. Rxd3 Rxd3+
45. Kxd3 Rc3+ 46. Ke2 Rxf3 47. Kxf3 b6 48. e5 Kf7 49. Ke4 Ke6 (49... c5 50. Kd5
Bxa3 51. Kc6 Ke6 52. Kb5 Bb2 53. Kxa4 Bxe5 54. Bf8 Kd5 55. Kb5) 50. Bc7 Bxa3
51. Bxb6 Bb2 52. Kd3 Kd5 53. e6 Bf6 54. g4 c5 55. Ba5 c4+ 56. Kc2 Kxe6 57. Bb4
Kd5 58. Kb1 $11 {due to the wrong corner.}) 44. g4 Bxb2 45. Rxd3 Rxd3+ 46. Kxd3
Rc3+ 47. Ke2 Rxf3 48. Kxf3 c5 $19 {is the idea.}) (43. Kd1 Bxb2 44. Rfxd3 Rxd3
45. Rxd3 Rxe4 $19) 43... Rxe4+ 44. Kf3 Rxd3+ (44... Rd4 45. Ke2 (45. Rxb3 Rxd2
46. Rxb7 Rxd6 $19) 45... Rbxd3 46. Rxd3 Rxd3 47. Kxd3 Bxb2 {is a transposition
to the game.}) 45. Rxd3 Rd4 46. Ke3 Rxd3+ 47. Kxd3 Bxb2 $19 48. g4 Bc1 $5 {
I have started to enjoy myself.} (48... b5 49. g5 Bg7 50. Bf4 (50. g6 Bf8 51.
Bxf8 Kxf8 52. Kd4 Kg7 53. Kc5 Kxg6 54. Kxc6 b4 55. axb4 a3 56. b5 a2 57. b6
a1=Q 58. b7 Qe5 $19) 50... b4 $1 $19) 49. Kc2 Bg5 50. Kc3 Kf7 51. Kc4 Ke6 (
51... Be7 52. Bxe7 Kxe7 53. g5 Kf7 54. Kb4 b5 55. Kc5 Kg6 56. Kxc6 b4 57. axb4
a3 58. b5 a2 59. b6 a1=Q 60. b7 Qe5 $19 ({Even after Qe5 the ending is won
since White has neither a corner nor a bishop's pawn.} 60... Qc3+ 61. Kd7 Qd4+
62. Kc7 Qc5+ 63. Kd7 Qb6 64. Kc8 Qc6+ 65. Kb8 Kxg5 66. Ka7 Qa4+ 67. Kb6 Qb4+
68. Kc7 Qc5+ 69. Kd7 Qb6 70. Kc8 Qc6+ 71. Kb8 Kf6 $19)) 52. Bf8 Be3 53. Bb4 (
53. Kb4 b5 $19 (53... Kd5 $4 54. Kxa4 Kc4 55. Ka5 $11)) 53... b5+ 54. Kd3 c5
55. Bc3 (55. Kxe3 cxb4 56. axb4 a3 $19) 55... Bc1 0-1

[Event "Valjevo"]
[Site "Valjevo"]
[Date "2007.06.13"]
[Round "1"]
[White "Atalik, Suat"]
[Black "Stojanovic, Mihajlo"]
[Result "1-0"]
[WhiteElo "2584"]
[BlackElo "2588"]
[Annotator "Atalik,S"]
[PlyCount "69"]
[EventDate "2007.06.13"]
[EventType "tourn"]
[EventRounds "9"]
[EventCountry "YUG"]
[EventCategory "15"]
[SourceTitle "CBM 119"]
[Source "ChessBase"]
[SourceDate "2007.08.01"]
[SourceVersion "1"]
[SourceVersionDate "2007.08.01"]
[SourceQuality "1"]

1. d4 d5 2. c4 e6 3. Nf3 Nf6 4. Nc3 Nbd7 5. cxd5 exd5 6. Bf4 $6 {I really did
not want to play a Karlsbad that day. Otherwise the text is considered to be
toothless.} (6. Bg5 $142 c6 7. e3 Be7 $14) 6... c6 7. h3 $5 {This looks like
the most logical move to me.} (7. e3 Nh5 $11 {or}) (7. Qc2 Nh5 $11 {gives
Black quite a game.}) 7... Ne4 $1 {The most consequent move.} (7... Nb6 8. e3
Bf5 9. Ne5 $14) 8. Qc2 $5 $146 {An absolutely new approach to the system. I
came up with the idea in the morning during my preparation. Black may be
deceived by the possibility of having two bishops, as happened in the game.
However, the novelty will not change the verdict on the line that Black has
equal chances after the meek 6.Bf4.} (8. Nxe4 dxe4 9. Nd2 Nf6 10. e3 Be6 {
Atalik-Mastrovasilis,D,Acropolis GM Invitational 2003.} 11. a3 $11) 8... Bb4 $1
{It looks like Black is taking over the initiative because of the problematic
a5-e1 diagonal.} (8... Bd6 9. Bxd6 Nxd6 10. e3 Nf6 11. Bd3 g6 $11 {looks equal
too.}) (8... Ndf6 9. e3 Bf5 10. Bd3 $14 {is even a better version of I.
Sokolov-Pelletier, coming from a Karlsbad.}) 9. a3 Qa5 10. Bd2 $8 Nxd2 11. Nxd2
{White's position looks grim: he has lost the pair of bishops and has a3 and
h3 standing almost useless. However, things are far from being simple.} Be7 $2
{This natural move turns out to be a big mistake. Trying to keep the bishop
pair does not make sense in this particular situation.} (11... O-O 12. e3 Bd6
13. Bd3 Nf6 14. O-O $14) (11... Bxc3 $1 12. Qxc3 (12. bxc3 c5 13. e3 O-O $11)
12... Qxc3 13. bxc3 Nb6 $11 {Having the king in the centre makes the position
acceptable for Black.}) 12. e3 O-O 13. Bd3 Nf6 14. O-O Re8 $2 {Another
innocent looking move which actually makes things worse for Black.} (14... Qd8
15. f4 c5 16. Nf3 $14) 15. f4 $1 $16 {White has a very good Pillsbury Attack
with Black having his queen and other pieces awkwardly placed.} (15. Rae1 g6 (
15... Bf8 16. e4 dxe4 17. Ndxe4 Nxe4 18. Bxe4 (18. Nxe4 Be6) 18... Kh8 19. d5
Bd7 20. dxc6 Bxc6 21. Bxc6 bxc6 22. Ne4 $14) 16. f4 $14) 15... Bf8 16. Rae1 Qd8
17. Nf3 c5 $6 (17... g6 $142 18. Ne5 $16) 18. Ng5 $3 $16 {Danger comes from a
different direction.} (18. Ne5 $2 $14 {is stereotypical and gives White an
advantage but the text is much stronger.}) 18... g6 19. f5 Bg7 $2 (19... Bh6 $1
{is the only move which puts up any resistance.} 20. fxg6 ({In the game we
both thought that} 20. h4 $2 {leads to a winning attack but Black holds by
great play.} Bxg5 21. hxg5 Ng4 22. fxg6 hxg6 23. Bxg6 Qd6 $1 $13) 20... Bxg5
21. gxf7+ Kxf7 22. Bxh7 Kg7 23. Qg6+ Kh8 24. Qxg5 Nxh7 25. Qh5 $16) (19... h6
20. fxg6 hxg5 21. Rxf6 (21. gxf7+ Kxf7 22. Bh7 $40) 21... Qxf6 22. Rf1 Qxf1+
23. Bxf1 $18) 20. fxg6 fxg6 ({after} 20... hxg6 21. dxc5 $1 $16 {is simple and
strong.} (21. Nxf7 $5 Kxf7 22. Bxg6+ (22. Nxd5 $5 Kg8 23. Nxf6+ Bxf6 24. Bxg6
$44) 22... Kg8 23. Bxe8 Qxe8 24. Rxf6 Bxf6 25. Nxd5 Bd8 26. Qxc5 $44)) 21. dxc5
$16 {White is a pawn up and the attack continues.} Re5 22. Nf3 Re7 23. e4 (23.
Nb5 $18 {is an alternative.}) 23... dxe4 24. Nxe4 (24. Bc4+ $2 Kh8 25. Ng5 Qd4+
$19) 24... Nxe4 25. Bxe4 Be6 26. Ng5 $1 (26. Bxb7 Rxb7 27. Rxe6 Rxb2 28. Qe4
$18) 26... Qd4+ 27. Kh1 $18 Rae8 ({It took me some time to see that} 27... Bc4
28. Nf3 Qxc5 29. b3 $18 {wins a piece.}) 28. Rd1 $2 {This is winning an
exchange and the game but I could have checkmated him.} (28. Bxg6 $1 hxg6 29.
Qxg6 $18 {just simply mates.}) 28... Qxb2 29. Nxe6 Rxe6 30. Qxb2 Bxb2 31. Bd5
Kg7 32. Bxe6 Rxe6 33. Rd7+ Kh6 34. a4 $1 $18 b6 {Nothing works.} (34... Ba3 35.
Rff7 Bxc5 36. Rxh7+ Kg5 37. Rd5+ $18) 35. Rd6 {Curtains!} 1-0

[Event "EU-ch 1st"]
[Site "Saint Vincent"]
[Date "2000.07.11"]
[Round "8"]
[White "Anastasian, Ashot"]
[Black "Bellini, Fabio"]
[Result "1/2-1/2"]
[WhiteElo "2571"]
[BlackElo "2484"]
[Annotator "Baburin,A"]
[PlyCount "100"]
[EventDate "2000.07.03"]
[EventType "swiss"]
[EventRounds "11"]
[EventCountry "ITA"]
[SourceTitle "CBM 078"]
[Source "ChessBase"]
[SourceDate "2000.10.18"]
[SourceVersion "1"]
[SourceVersionDate "2000.10.18"]
[SourceQuality "1"]

1. c4 e6 2. d4 d5 3. Nc3 Nf6 4. cxd5 exd5 5. Bg5 c6 6. e3 Bf5 7. Qf3 Bg6 8.
Bxf6 Qxf6 9. Qxf6 gxf6 {This is one of the critical lines in the Exchange
Variation nowadays. It's not quite clear how White can get an advantage here.
The main problem for Black is that there is little room for complications if
White plays solidly here.} 10. h4 {This is one of the most dangerous for Black
set-ups.} Nd7 (10... h5 11. Nh3 Nd7 12. Nf4 Bd6 13. g3 Nb6 (13... Bxf4 14. gxf4
Bf5 15. f3 Rd8 16. Kf2 Nb6 17. Be2 Ke7 18. b4 $36 {Drasko-Bellini, Montecatini
Terme 1995.}) 14. Rc1 a5 15. Be2 a4 16. a3 Ke7 17. f3 Bf5 18. Kf2 Be6 19. Rhe1
f5 20. Bd3 Nd7 21. e4 $36 {Rustemov-Khenkin, Polanica Zdroj 1999.}) 11. Nge2 (
11. h5 Bf5 12. O-O-O O-O-O 13. Nf3 Bg4 14. Be2 Bxf3 $5 15. Bxf3 f5 $11 {
Volkov-Kharlov, St. Petersburg 1998.}) 11... Bd6 12. h5 Bf5 13. f3 h6 14. Kf2
Rg8 15. Nf4 Nf8 16. Rc1 Ke7 17. g4 Bh7 18. Ncxd5+ $1 {White has build a
promising position and he rightly sacrifices a piece.} cxd5 19. Nxd5+ Kd8 20.
Nxf6 Rg7 21. Nxh7 Nxh7 22. Bd3 Nf6 23. Bf5 Ng8 24. f4 $6 ({White obviously
wants to play Kf3 and then e3-e4-e5, but perhaps he had to prepare this move,
keeping his bishop on the board. For example:} 24. Rhg1 $5 Ne7 25. Bd3 Rc8 26.
Rxc8+ Kxc8 27. f4 {Then White's bishop could prove to be a very useful piece.})
24... Ne7 25. Kf3 Nxf5 26. gxf5 Ke7 27. e4 Rag8 28. e5 (28. f6+ $2 Kxf6 29. e5+
Ke6 30. exd6 Rg3+ 31. Ke2 Rg2+) 28... Rg2 29. Ke4 f6 (29... Bb8 $2 30. f6+ Kd7
31. Kf5) 30. Rh3 Rxb2 31. Rb3 Rxb3 32. exd6+ Kxd6 33. axb3 a5 {Here Black has
enough counter-play for a draw.} 34. Rc2 Ra8 35. Kd3 b5 36. Rc5 a4 37. Kc2
axb3+ 38. Kxb3 Ra1 39. Kc2 Rf1 40. Rxb5 Rxf4 41. Kd3 Rf1 42. Rb6+ Kd5 43. Rxf6
Rf3+ 44. Ke2 Rf4 45. Rxh6 Kxd4 46. Rh8 Ke5 47. h6 Rh4 48. h7 Kf6 49. Kf3 Kg7
50. Kg3 Kxh8 1/2-1/2

[Event "Cannes masters k.o."]
[Site "Cannes"]
[Date "2000.02.22"]
[Round "4.2"]
[White "Kogan, Artur"]
[Black "Savchenko, Stanislav"]
[Result "0-1"]
[WhiteElo "2483"]
[BlackElo "2574"]
[Annotator "Baburin,A"]
[PlyCount "110"]
[EventDate "2000.02.19"]
[EventType "k.o."]
[EventRounds "5"]
[EventCountry "FRA"]
[SourceTitle "CBM 076"]
[Source "ChessBase"]
[SourceDate "2000.05.31"]
[SourceVersion "1"]
[SourceVersionDate "2000.05.31"]
[SourceQuality "1"]

1. d4 d5 2. Nf3 e6 3. c4 Nf6 4. Nc3 c6 5. cxd5 exd5 6. Bf4 {This line is known
to be harmless.} Bd6 7. Bxd6 Qxd6 8. e3 O-O 9. Qc2 Bg4 10. Be2 Nbd7 11. O-O
Rae8 12. h3 Bh5 13. Rfe1 Ne4 14. Nd2 Nxd2 15. Qxd2 Bxe2 16. Nxe2 Re7 {When
most major pieces are exchanged, this pawn structure is preferable for Black.
Not so much that Black is objectively better here, but it is easier to play
for Black - he can gradually prepare either a piece attack or a pawn storm on
the kingside.} 17. Nf4 Rfe8 18. Nd3 Qg6 19. b4 Nb6 20. Ne5 Qf5 21. Qc3 f6 22.
Nf3 Nc4 {This gives White a couple of tempi later.} (22... g5 $5) 23. a4 g5 (
23... a6 24. b5 axb5 25. axb5 $13) 24. Nd2 Nd6 25. Qc5 Re6 26. b5 ({Maybe
White should have taken the a-pawn:} 26. Qxa7 g4 27. hxg4 Qxg4 28. b5) 26... g4
27. hxg4 Qxg4 28. bxc6 bxc6 29. Qxc6 $2 {White enters complications, which are
not good for him.} (29. Qxa7) 29... Nc4 30. Qxd5 Nxd2 31. Rad1 Qe4 32. Qa2 Nf3+
33. gxf3 Qxf3 34. Qe2 Qf5 {White's trouble is that he cannot employ the rooks
yet.} 35. Kh2 Re4 36. Rg1+ Kh8 37. Rg3 Rh4+ 38. Kg2 Rg8 39. Qf3 $4 Rxg3+ 40.
Qxg3 (40. fxg3 Rh2+ $19) 40... Rg4 41. Rc1 Qe4+ 42. Kh3 Rxg3+ 43. Kxg3 h5 44.
Rg1 Qg6+ 45. Kh2 Qc2 46. Kg3 Qxa4 47. Rc1 Qd7 48. f3 Qd6+ 49. f4 Qe6 50. Kf2 h4
51. Rc5 Qg4 52. d5 h3 53. d6 Qg2+ 54. Ke1 h2 55. Rh5+ Kg7 0-1

[Event "Ordzhonikidze zt 1.9"]
[Site "Ordzhonikidze"]
[Date "2000.06.15"]
[Round "7"]
[White "Neverov, Valeriy"]
[Black "Kruppa, Yuri"]
[Result "1/2-1/2"]
[WhiteElo "2541"]
[BlackElo "2561"]
[Annotator "Baburin,A"]
[PlyCount "80"]
[EventDate "2000.06.09"]
[EventType "swiss"]
[EventRounds "9"]
[EventCountry "UKR"]
[SourceTitle "CBM 078"]
[Source "ChessBase"]
[SourceDate "2000.10.18"]
[SourceVersion "1"]
[SourceVersionDate "2000.10.18"]
[SourceQuality "1"]

1. d4 d5 2. c4 e6 3. Nc3 Be7 4. cxd5 exd5 5. Bf4 Nf6 6. e3 Bf5 7. Nge2 (7. Qb3
{is currently out of fashion. One of the last examples is} Nc6 8. Qxb7 Nb4 9.
Bb5+ Kf8 10. Kd2 Ne4+ 11. Nxe4 Bxe4 12. f3 Rb8 13. Qxc7 {1/2-1/2
Dorfman-Marciano,Meribel 1998.}) 7... O-O 8. Ng3 Be6 9. Be2 {This is not very
ambitious.} (9. Bd3 c5 10. dxc5 Bxc5 11. O-O Nc6 12. Rc1 ({RR} 12. Bb5 Rc8 13.
Rc1 d4 14. Na4 Be7 15. Bxc6 Rxc6 16. Rxc6 bxc6 17. exd4 Bxa2 18. Nf5 Bb4 19.
Bd2 Bxd2 20. Qxd2 Be6 {1/2-1/2 Moskalenko-Kruppa, Donetsk 1998.}) 12... Bd6 13.
Nge2 Rc8 14. Bb1 Bxf4 15. Nxf4 Bg4 16. f3 Be6 17. Qd2 Qe7 18. Nb5 a6 19. Nd4
Ne5 20. b3 Bd7 21. g4 {Gelfand-Kasparov, Linares 1994.}) 9... c6 10. O-O Nbd7
11. Qc2 Re8 12. Rfc1 Nf8 13. Rab1 N6d7 {Black prevents Bg5, thus preparing for
...Ng6.} 14. Nf5 Bxf5 15. Qxf5 Ne6 16. Bg3 Bh4 $1 {Black does not have any
problems.} 17. b4 Bxg3 18. hxg3 a6 19. g4 b5 $5 {[%csl Rc4][%cal Gd7b6,Gb6c4]}
20. a4 Nb6 21. Ra1 Qd6 22. Qb1 g6 23. Rc2 Rab8 24. Rca2 Ng5 25. Bd3 Qe6 26. Qd1
Qd6 27. Rb1 Kg7 28. Ne2 Nxa4 29. Bc2 Nb6 30. Rxa6 Ne6 (30... Ra8 $5) 31. Nc1
Ng5 32. Nd3 Re7 33. Rba1 Ne6 {Black does not have a clear plan, but his
position is good enough for equality.} 34. Ne5 Nc7 35. Ra7 Nc4 36. Nd3 Ne6 37.
R7a6 Nc7 38. Ra7 Ne6 39. Qf3 Nd2 40. Qd1 Nc4 1/2-1/2

[Event "EU-ch 1st"]
[Site "Saint Vincent"]
[Date "2000.07.13"]
[Round "10"]
[White "Epishin, Vladimir"]
[Black "Bellini, Fabio"]
[Result "1/2-1/2"]
[WhiteElo "2567"]
[BlackElo "2484"]
[Annotator "Baburin,A"]
[PlyCount "103"]
[EventDate "2000.07.03"]
[EventType "swiss"]
[EventRounds "11"]
[EventCountry "ITA"]
[SourceTitle "CBM 078"]
[Source "ChessBase"]
[SourceDate "2000.10.18"]
[SourceVersion "1"]
[SourceVersionDate "2000.10.18"]
[SourceQuality "1"]

1. d4 {. Psakhis} Nf6 2. c4 e6 3. Nf3 d5 4. Nc3 Nbd7 5. cxd5 exd5 6. Bf4 c6 7.
Qc2 Be7 8. h3 O-O 9. e3 Re8 10. Bd3 Nf8 11. O-O Ng6 12. Bh2 Bd6 13. Rae1 {
This looks like a new move.} ({Usually White plays} 13. Bxd6 Qxd6 14. Rab1 {
here, for example:} Qe7 {RR} 15. b4 Ne4 16. b5 Ng5 17. Nxg5 Qxg5 18. bxc6 bxc6
19. f4 Qf6 20. f5 Nf8 21. Qf2 {Sadler-Lputian, Elista 1998.}) 13... Bxh2+ 14.
Nxh2 Qd6 15. f4 $1 Bd7 16. f5 Nf8 17. Qf2 {Usually such positions are reached
without a pair of knights. Then Black normally would have his pawn on f6 and
the bishop on e8. This situation should favour White as he might gain time for
his pawn storm on the kingside by pushing the f6-knight away.} h6 18. a3 Rad8
19. Qf4 {I do not particularly like this move - White could achieve more with
the queens on. So, the immediate g2-g4 and h3-h4 was worth considering.} Bc8
20. g4 Qxf4 21. exf4 Rxe1 22. Rxe1 Re8 23. Rd1 $5 {White can later close the
e-file with his knight on e5, so it's better to keep the rooks on.} g6 $1 {
[%csl Rc8,Rf8] Black should not let two of his three minor pieces to sit idle
and gather dust!} 24. fxg6 fxg6 (24... Nxg6 25. f5 Nf4 26. Bf1) 25. Kf2 Kg7 26.
f5 ({White probably rejected} 26. Nf3 {because of} h5 27. g5 Ne4+ 28. Bxe4 dxe4
29. Ne5 Bxh3) 26... gxf5 27. gxf5 N8h7 $1 (27... Ne4+ 28. Bxe4 dxe4 29. Rg1+
$36) 28. Rg1+ Kf8 29. Nf3 Ne4+ 30. Bxe4 dxe4 31. Ne5 Ng5 32. Ke3 Bxf5 33. Rf1
Nf3 34. Nxe4 Nxe5 35. Rxf5+ Nf7 $11 36. Kf4 Rd8 37. Ke3 Kg7 38. h4 Nd6 39. Nxd6
Rxd6 40. h5 Re6+ 41. Kd3 Re1 42. a4 Rd1+ 43. Kc3 Rc1+ 44. Kb4 Rd1 45. Kc5 Rc1+
46. Kd6 Rc4 47. Ke6 Rxd4 48. Rf7+ Kg8 49. Rxb7 Rxa4 50. Kf6 c5 51. Rb8+ Kh7 52.
Rb7+ 1/2-1/2

[Event "FIDE World Cup-C"]
[Site "Shenyang"]
[Date "2000.09.01"]
[Round "1"]
[White "Bareev, Evgeny"]
[Black "Rizouk, Aimen"]
[Result "1-0"]
[WhiteElo "2702"]
[BlackElo "2350"]
[Annotator "Baburin,A"]
[PlyCount "91"]
[EventDate "2000.09.01"]
[EventType "tourn"]
[EventRounds "5"]
[EventCountry "CHN"]
[EventCategory "15"]
[SourceTitle "CBM 079"]
[Source "ChessBase"]
[SourceDate "2000.11.21"]
[SourceVersion "1"]
[SourceVersionDate "2000.11.21"]
[SourceQuality "1"]

1. d4 Nf6 2. c4 e6 3. Nc3 d5 4. cxd5 exd5 5. Bg5 Nbd7 6. e3 Be7 7. Bd3 Nf8 {
This is a rare line. Black indicates that he will go for ...Ne6, ...g6, ...Ng7
and ...Bf5 plan.} 8. Nf3 Ne6 9. Bh4 O-O 10. O-O g6 11. b4 c6 12. Rb1 Re8 13. h3
a6 14. a4 Ng7 {White has managed to save time by not playing Qd1-c2 early in
the opening. Of course, the c2-square is not bad for White's queen, but it may
not necessarily be the best placement.} 15. b5 axb5 16. axb5 Nf5 $6 {Probably
Black wanted to keep the light-squared bishop for protection of his pawns on
the queenside. This sometimes makes sense, but here Black suffocates and this
should have tried to exchange a pair of bishops.} (16... Bf5 $5) 17. Bxf6 Bxf6
18. Na4 Ne7 19. Qb3 Qd6 20. Rfc1 Be6 21. Nc5 Reb8 {If possible, White should
not rush with taking on c6 as the b7-pawn ties Black's pieces to its defence.}
22. Qb4 Kg7 23. Rb3 Bc8 24. Na4 Qd8 25. Rb2 Bd7 26. Qb3 Qc7 27. Rcb1 {One
advantage of being White here is that he can try various little ideas before
he takes on c6. It's always harder to defend and Black is likely to get tired
and commit a mistake. Bareev's play is exemplary - he does not rush things,
enjoy the grip on the position. Nowadays he is probably the main expert on the
positions arising from the Exchange Variation of the QGD.} Qd6 28. Nc5 Bc8 29.
Na4 Be6 30. Qc2 Bc8 31. Rb4 Bd7 32. Qc5 Qxc5 33. Nxc5 Be8 (33... Bc8 34. bxc6
Nxc6 35. R4b3 {won't be much fun for Black either.}) 34. bxc6 Bxc6 35. Nxb7 {
The ending is won for White, who has an extra pawn and all right pieces on the
board.} Ra3 36. Nc5 Rxb4 37. Rxb4 Ra1+ 38. Rb1 Ra2 39. g4 h6 40. Bb5 Ba8 41.
Ba4 Bc6 42. Bxc6 Nxc6 43. Rb6 Ne7 44. Nd7 Ng8 45. Rb5 Ne7 46. Nb6 1-0